000 01166nam a2200289 a 4500
001 000008340
003 DO-SdBPM
005 20241008123003.0
008 090916s2001 dr a r 000 0 spa d
040 _aDO-SdBPM
_bspa
_cBPMSU
082 4 _a631.584
_bG261a 2001
_222
100 1 _aGatón Rosa, Iván Ernesto
_d1973-
245 1 3 _aLa agricultura orgánica en la República Dominicana y en los mercados internacionales /
_cIván Ernesto Gatón Rosa.
260 _aSanto Domingo :
_bSecretaría de Estado de Relaciones Exteriores,
_c2001.
300 _a110 p. :
_bil. ;
_c23 cm.
504 _aBibliografía : páginas 109-110
590 _aInventariado, 2024/VM
650 4 _aAgricultura biológica
_zRepública Dominicana
650 4 _aAgricultura sostenible
650 4 _aEcología agrícola
_zRepública Dominicana
650 4 _aProductos agrícolas
_zRepública Dominicana
650 4 _aProductos agrícolas
_xComercio
_zRepública Dominicana
650 4 _aDesarrollo sostenible
_xAspectos económicos
710 _aSecretaría de Estado de Relaciones Exteriores (República Dominicana)
910 _aVMateo V. Control de calidad.BPMSU
942 _2ddc
_cBK
999 _c14822
_d14822